000 00379pab a2200157 454500
008 180718b2013 xxu||||| |||| 00| 0 eng d
100 _aGatade, Subhash
245 _aModi's 'Vanzara' moment: Encounter killings as state policy?
260 _c2013
300 _ap.7-9,24.
362 _a21 Sep
650 _aPolice
773 _aMainstream
908 _aN
909 _a100656
999 _c100655
_d100655